000 01271nam a2200301 i 4500
001 193659
003 ES-MaACL
005 20250826063153.0
007 ta
008 240202s1910 sp | |||| 000 spa
040 _aEs-MaACL
245 0 3 _aLa solemnidad de ayer en el Ateneo :
_bD. Segismundo Moret al hacer la presentación del ilustre orador argentino D. Belisario Roldán, que anoche dio una conferencia notabilísima en la Docta Casa /
_cfot., R. Cifuentes
264 1 _aMadrid :
_bABC,
_c1910
300 _a1 página :
_b1 ilustración ;
_c30 cm
336 _aTexto
_2rdacontent
337 _asin mediación
_2rdamedia
338 _avolumen
_2rdacarrier
500 _aFotocopia de la página con la fotografía de Segismundo Moret, Belisario Roldán y otros personajes en el salón de actos del Ateneo de Madrid, publicada en "ABC", 30 de enero de 1910
600 1 7 _aMoret, Segismundo,
_d1833-1913
_2embne
_9162747
600 1 4 _aRoldán, Belisario,
_d1873-1922
_9235030
610 2 4 _aAteneo de Madrid-
_vHistoria
_91925
655 4 _aFotografías
_9242033
700 1 _aCifuentes, R.
_epht
_9235029
852 4 _aES-MaACL
_cDEPOF
_j2347-F-32
_9201176
942 _2udc
_cART_PRENSA
_n0
999 _c193659
_d193659